[Event "SR 3. liga A2 2005/2006"]
[Site "?"]
[Date "2006.??.??"]
[Round "?"]
[White "Pagac, Robert"]
[Black "Varga, David"]
[Result "0-1"]
[WhiteElo "1805"]
[BlackElo "2150"]
[Annotator " 55.5"]
[PlyCount "102"]
[EventDate "2005.??.??"]

1. e4 e6 2. d4 d5 3. exd5 exd5 4. Bd3 Bd6 5. Nf3 Bg4 6. O-O Ne7 7. Be3 Qd7 8.
Nbd2 f5 9. Bg5 Nbc6 10. c3 O-O 11. h3 Bh5 12. Bxe7 Nxe7 13. Ne5 Bxe5 14. Qxh5
Bf4 15. Nf3 Rf6 16. Ng5 Rh6 17. Qf7+ Kh8 18. Rfe1 Bxg5 19. Re2 Qe8 20. Qxe8+
Rxe8 21. Bxf5 Rf8 22. Bd3 Nc6 23. Rae1 Bf4 24. g3 Bd6 25. Kg2 Rhf6 26. f4 g6
27. Re3 R6f7 28. h4 Re7 29. Rxe7 Nxe7 30. h5 Kg7 31. Rh1 Nf5 32. hxg6 hxg6 33.
Kf3 Nh6 34. Re1 g5 35. Re6 Rf6 36. Rxf6 Kxf6 37. Be2 Ng8 38. Bd3 Ne7 39. f5
Nxf5 40. Bxf5 Kxf5 41. g4+ Ke6 42. Ke2 c5 43. Kd3 cxd4 44. cxd4 Be5 45. Ke3
Bxd4+ 46. Kxd4 Kd6 47. a3 a6 48. b3 b6 49. a4 a5 50. Kc3 Ke5 51. b4 d4+ 0-1

[Event "SR 3. liga A2 2005/2006"]
[Site "?"]
[Date "2006.??.??"]
[Round "?"]
[White "Kolesar, Rastislav"]
[Black "Hrubsa, Marian"]
[Result "1-0"]
[WhiteElo "1920"]
[BlackElo "1725"]
[Annotator " 55.6"]
[PlyCount "91"]
[EventDate "2005.??.??"]

1. e4 e6 2. d4 d5 3. e5 c5 4. c3 Nc6 5. Nf3 Qb6 6. Be2 cxd4 7. cxd4 Nge7 8. Nc3
Nf5 9. Na4 Bb4+ 10. Bd2 Qa5 11. Bc3 b5 12. a3 Bxc3+ 13. Nxc3 a6 14. O-O Qb6 15.
a4 b4 16. a5 Qd8 17. Na4 O-O 18. Nc5 Nxa5 19. Qa4 Nc4 20. Qxb4 a5 21. Qc3 Qb6
22. b3 Nxe5 23. dxe5 Rd8 24. Na4 Qa7 25. Rfd1 Bd7 26. Nd4 Rdc8 27. Qd2 Ne7 28.
Rdc1 Ng6 29. Qe3 Rab8 30. Rab1 Nh4 31. Rxc8+ Rxc8 32. Nf3 Nxf3+ 33. gxf3 d4 34.
Qd2 Rd8 35. Rc1 Rb8 36. Qd3 g6 37. Qa6 Qxa6 38. Bxa6 Bxa4 39. bxa4 Rb4 40. Bb5
g5 41. Kg2 Kg7 42. Rc4 Rxc4 43. Bxc4 Kf8 44. f4 gxf4 45. Kf3 Ke7 46. Kxf4 1-0

[Event "SR 3. liga A2 2005/2006"]
[Site "?"]
[Date "2006.??.??"]
[Round "?"]
[White "Horak, Ivan"]
[Black "Varga, Alexander"]
[Result "1-0"]
[WhiteElo "2140"]
[BlackElo "1890"]
[Annotator " 56.1"]
[PlyCount "65"]
[EventDate "2005.??.??"]

1. e4 e6 2. d4 d5 3. Nd2 Nc6 4. Ngf3 Bb4 5. e5 Nge7 6. c3 Ba5 7. b4 Bb6 8. Bd3
Bd7 9. a4 a5 10. b5 Na7 11. Ba3 Rc8 12. c4 dxc4 13. Nxc4 Nd5 14. Qd2 Ra8 15.
O-O Nc8 16. Rac1 c6 17. Nxb6 Ncxb6 18. Ng5 Nc8 19. Ne4 cxb5 20. axb5 Nde7 21.
Qg5 Nf5 22. Rxc8 Bxc8 23. Nd6+ Kd7 24. Qxd8+ Rxd8 25. Bxf5 exf5 26. Nxf7 Rg8
27. d5 b6 28. Rc1 Ke8 29. e6 g6 30. Rc7 Rb8 31. Re7+ Kf8 32. Rb7+ Kg7 33. Bb2+
1-0

[Event "SR 3. liga A2 2005/2006"]
[Site "?"]
[Date "2006.??.??"]
[Round "?"]
[White "Szekely, Stefan"]
[Black "Pribila, Michal"]
[Result "0-1"]
[WhiteElo "2080"]
[BlackElo "2010"]
[Annotator " 56.2"]
[PlyCount "96"]
[EventDate "2005.??.??"]

1. c4 e6 2. d4 d5 3. Nc3 c6 4. e3 Nf6 5. Nf3 Nbd7 6. Be2 dxc4 7. Bxc4 b5 8. Bb3
Bb7 9. O-O a6 10. Re1 c5 11. d5 exd5 12. Nxd5 c4 13. Nxf6+ Qxf6 14. Bc2 Bb4 15.
Bd2 Bxf3 16. gxf3 Bxd2 17. Qxd2 Ne5 18. Be4 Nxf3+ 19. Bxf3 Qxf3 20. Qd6 Qg4+
21. Kf1 Qe6 22. Qb4 Qe7 23. a3 Qxb4 24. axb4 Ke7 25. Ra5 Rhd8 26. Rea1 Rd2 27.
R1a2 g5 28. Kg2 g4 29. Kg3 f5 30. f3 gxf3 31. Kxf3 Rxh2 32. Kf4 Rf2+ 33. Ke5
Kf7 34. Rxa6 Re8+ 35. Kd5 Rxe3 36. Ra7+ Re7 37. Rxe7+ Kxe7 38. Kc5 Kf6 39. Kxb5
Rc2 40. Kc5 Kg5 41. Ra7 Rxb2 42. Kxc4 h5 43. Ra3 h4 44. Kc5 Kg4 45. b5 h3 46.
Ra8 h2 47. Rh8 Kg3 48. b6 Rb1 0-1

[Event "SR 3. liga A2 2005/2006"]
[Site "?"]
[Date "2006.??.??"]
[Round "?"]
[White "Pribila, Gerhard"]
[Black "Both, Lajos"]
[Result "1-0"]
[WhiteElo "1960"]
[BlackElo "1990"]
[Annotator " 56.3"]
[PlyCount "73"]
[EventDate "2005.??.??"]

1. e4 c5 2. Nf3 e6 3. d4 cxd4 4. Nxd4 a6 5. Bd3 Nf6 6. O-O d6 7. Be3 Qc7 8. h3
Be7 9. c4 O-O 10. Nc3 b6 11. Rc1 Bb7 12. Nde2 Nbd7 13. Ng3 Rac8 14. b3 Nc5 15.
Bb1 Rfd8 16. Qe2 d5 17. cxd5 exd5 18. Nxd5 Nxd5 19. exd5 Qe5 20. f4 Qf6 21. Nf5
Rxd5 22. Bd4 Rxd4 23. Nxe7+ Kf8 24. Nxc8 Bxc8 25. Qe5 Qxe5 26. fxe5 g6 27. Rcd1
Rxd1 28. Rxd1 Be6 29. Rd6 Nd7 30. Bd3 Nc5 31. Be2 Nd7 32. Bxa6 Ke7 33. Bb5 f6
34. Bxd7 Bxd7 35. Rxf6 Be6 36. Kf2 b5 37. Ke3 1-0

[Event "SR 3. liga A2 2005/2006"]
[Site "?"]
[Date "2006.??.??"]
[Round "?"]
[White "Szitasi, Janos"]
[Black "Vach, Jozef"]
[Result "1-0"]
[WhiteElo "2020"]
[BlackElo "1970"]
[Annotator " 56.4"]
[PlyCount "73"]
[EventDate "2005.??.??"]

1. e4 e5 2. Nf3 Nc6 3. Bc4 Be7 4. O-O Nf6 5. Nc3 O-O 6. Re1 d6 7. h3 Na5 8. Bf1
c5 9. a3 Nc6 10. Nd5 Nxd5 11. exd5 Nb8 12. c3 f5 13. Bc4 Nd7 14. d3 Nf6 15.
Nxe5 Kh8 16. Nf3 Nd7 17. Bb3 Bf6 18. Bf4 Qc7 19. Bg5 h6 20. Bxf6 Nxf6 21. c4
Qf7 22. Bc2 b6 23. Ba4 Bb7 24. Re6 Rad8 25. Qe2 Ng8 26. Nh4 g5 27. Ng6+ Kg7 28.
Nxf8 Kxf8 29. Re1 a6 30. Re8+ Rxe8 31. Qxe8+ Kg7 32. Qxf7+ Kxf7 33. Re6 b5 34.
cxb5 Bxd5 35. Rxd6 axb5 36. Rxd5 bxa4 37. Rxf5+ 1-0

[Event "SR 3. liga A2 2005/2006"]
[Site "?"]
[Date "2006.??.??"]
[Round "?"]
[White "Jozefovic, Milan"]
[Black "Liska, Frantisek"]
[Result "1/2-1/2"]
[WhiteElo "1775"]
[BlackElo "2000"]
[Annotator " 56.5"]
[PlyCount "162"]
[EventDate "2005.??.??"]

1. e4 c5 2. Bc4 Nc6 3. Nf3 e6 4. O-O a6 5. d4 b5 6. Be2 cxd4 7. Nxd4 Bb7 8. Be3
Nf6 9. Nxc6 dxc6 10. f3 Be7 11. c4 Qc7 12. Qc2 Rc8 13. Bd3 Nd7 14. c5 Bf6 15.
f4 e5 16. f5 Rd8 17. Nd2 a5 18. a3 Nb8 19. b4 Na6 20. Rab1 axb4 21. axb4 Qe7
22. Nf3 O-O 23. Be2 Rd7 24. Qb2 h6 25. Kh1 Re8 26. Rg1 Bg5 27. Nxg5 hxg5 28.
Qb3 Kh7 29. Rgf1 f6 30. Rf3 g6 31. Rh3+ Kg7 32. fxg6 Rh8 33. Rxh8 Kxh8 34. Bg4
Rd8 35. Bf5 Kg7 36. Bg1 Bc8 37. g4 Nc7 38. Rd1 Be6 39. Qc2 Bg8 40. Rd2 Ne6 41.
Qd1 Rxd2 42. Qxd2 Nf8 43. Bf2 Nxg6 44. h4 gxh4 45. Bxg6 Kxg6 46. Bxh4 Be6 47.
Qg2 Qd8 48. Kh2 Qh8 49. Kg3 Qh6 50. Qf3 Kg7 51. Qf2 Bc4 52. Qf3 Qg6 53. Kh3 Ba2
54. Qd3 Be6 55. Qf3 Qf7 56. Kg3 Qe7 57. Qe3 Kg6 58. Qf3 Qd8 59. Kh3 Qe7 60. Kg3
Bd7 61. Kh3 Qe6 62. Kg3 Be8 63. Qf5+ Kf7 64. Qh7+ Kf8 65. Qh8+ Ke7 66. g5 Qb3+
67. Kg2 Qc2+ 68. Kg1 Qc1+ 69. Kg2 Qd2+ 70. Kf1 Qf4+ 71. Kg1 Qe3+ 72. Kf1 Qf4+
73. Kg1 fxg5 74. Qg7+ Ke6 75. Qg8+ Qf7 76. Qxf7+ Bxf7 77. Bxg5 Bg6 78. Bd2 Bxe4
79. Kf2 Kd5 80. Ke3 Bc2 81. Be1 Kc4 1/2-1/2

[Event "SR 3. liga A2 2005/2006"]
[Site "?"]
[Date "2006.??.??"]
[Round "?"]
[White "Bernath, Mikulas"]
[Black "Kocak, Branislav"]
[Result "0-1"]
[WhiteElo "1905"]
[BlackElo "1705"]
[Annotator " 56.6"]
[PlyCount "120"]
[EventDate "2005.??.??"]

1. d4 d5 2. e3 e6 3. c4 Nf6 4. Nc3 c6 5. cxd5 exd5 6. Bd3 Bd6 7. Nge2 O-O 8.
O-O Re8 9. f3 a6 10. a3 c5 11. Re1 Nc6 12. Bc2 b5 13. Kh1 Bb7 14. Qd3 b4 15.
axb4 Nxb4 16. Qd1 Rc8 17. Ba4 Bc6 18. Bxc6 Rxc6 19. dxc5 Bxc5 20. Ng3 Rce6 21.
Nf1 d4 22. Na4 Bf8 23. e4 Nfd5 24. Bd2 Nd3 25. Re2 N5f4 26. Bxf4 Nxf4 27. Rd2
Rd6 28. g3 Ng6 29. Rd3 Ne5 30. Rb3 Nc4 31. Nc5 Rb6 32. Rxb6 Qxb6 33. Nd3 Nxb2
34. Nxb2 Qxb2 35. Rxa6 Rc8 36. Ra1 Qf2 37. Nd2 Bb4 38. Ra2 h6 39. Rb2 Bc3 40.
Rc2 d3 41. Ra2 Qe2 42. Qc1 Kh7 43. Qf1 Bxd2 44. Ra1 Qxf1+ 45. Rxf1 Rc1 46. Kg2
Rxf1 47. Kxf1 Bc3 48. f4 g6 49. h3 h5 50. Kf2 Bd4+ 51. Ke1 Be3 52. Kd1 f5 53.
e5 Kg8 54. Ke1 Kf7 55. Kd1 Bf2 56. Kd2 Bxg3 57. Kxd3 Bxf4 58. Ke2 Bxe5 59. Kf3
g5 60. Kg2 g4 0-1

[Event "SR 3. liga A2 2005/2006"]
[Site "?"]
[Date "2006.??.??"]
[Round "?"]
[White "Zajicek, Ferdinand"]
[Black "Fekete, Robert"]
[Result "1/2-1/2"]
[WhiteElo "1725"]
[BlackElo "1870"]
[Annotator " 56.7"]
[PlyCount "131"]
[EventDate "2005.??.??"]

1. e4 e6 2. Nf3 d5 3. exd5 exd5 4. d4 Bd6 5. Nc3 c6 6. Bd3 Ne7 7. O-O O-O 8.
Be3 Qc7 9. h3 Nd7 10. Qd2 Ng6 11. Ne2 Nf6 12. Bxg6 fxg6 13. Bf4 Bxf4 14. Qxf4
Qxf4 15. Nxf4 Ne4 16. Nd3 Bxh3 17. Nfe5 Be6 18. Rfe1 Nd6 19. Nxc6 Rfe8 20. Nce5
Bf5 21. f3 Nc4 22. c3 Bxd3 23. Nxd3 Kf8 24. Rxe8+ Rxe8 25. Kf2 g5 26. Re1 Rxe1
27. Kxe1 Ke7 28. Ke2 Nd6 29. g4 g6 30. Ne5 Nf7 31. Nd3 Kd6 32. Nf2 Nd8 33. Ke3
Ke6 34. Nd3 b6 35. b4 Nf7 36. Nf2 h5 37. Nh3 Kf6 38. Nf2 h4 39. Nh3 a6 40. a4
b5 41. axb5 axb5 42. Nf2 Nd8 43. Nd3 Ne6 44. Kf2 Kg7 45. Kg2 Kf6 46. Kh3 Nd8
47. Nc1 Nf7 48. Ne2 Nd6 49. Kg2 Nc4 50. Kf2 Nb2 51. Kg2 Nd3 52. Kf1 h3 53. Kg1
Ne1 54. Kh2 Nxf3+ 55. Kxh3 Ne1 56. Kg3 Nd3 57. Kf3 Ke6 58. Kg3 Nb2 59. Kf3 Nc4
60. Kg3 Nd2 61. Kf2 Kf6 62. Kg3 Ne4+ 63. Kf3 Nd6 64. Kg3 Ne8 65. Kf3 Ng7 66.
Kg3 1/2-1/2

[Event "SR 3. liga A2 2005/2006"]
[Site "?"]
[Date "2006.??.??"]
[Round "?"]
[White "Ollos, Ladislav"]
[Black "Papanek, Lubomir"]
[Result "1-0"]
[WhiteElo "1650"]
[BlackElo "1690"]
[Annotator " 56.8"]
[PlyCount "71"]
[EventDate "2005.??.??"]

1. e4 c5 2. c3 Nf6 3. e5 Nd5 4. d4 cxd4 5. cxd4 d6 6. f4 Nc6 7. Nc3 dxe5 8.
fxe5 Bf5 9. Bc4 e6 10. Bxd5 exd5 11. Nf3 Nb4 12. O-O Nc2 13. Ng5 Qd7 14. e6
fxe6 15. Rxf5 exf5 16. Qxc2 Be7 17. Qb3 Rd8 18. Bf4 O-O 19. Re1 Rf6 20. Qxd5+
Qxd5 21. Nxd5 Rxd5 22. Rxe7 h6 23. Nf3 Rf7 24. Rxf7 Kxf7 25. Be5 a5 26. Nd2 a4
27. Nb1 Rb5 28. Nc3 Rxb2 29. Nxa4 Rxa2 30. Nb6 g5 31. d5 Ra6 32. Bd4 Ke7 33.
Bc5+ Kd8 34. d6 Ra5 35. Bd4 Rd5 36. Nxd5 1-0

[Event "SR 3. liga A2 2005/2006"]
[Site "?"]
[Date "2006.??.??"]
[Round "?"]
[White "Vach, Pavol"]
[Black "Gajarsky, Roman"]
[Result "1-0"]
[WhiteElo "2165"]
[BlackElo "2050"]
[Annotator " 57.1"]
[PlyCount "81"]
[EventDate "2005.??.??"]

1. d4 d5 2. c4 dxc4 3. e4 c5 4. Nf3 cxd4 5. Qxd4 Qxd4 6. Nxd4 a6 7. Bxc4 e5 8.
Nf3 Nc6 9. O-O Be7 10. Nc3 Bg4 11. Nd5 Rc8 12. Ng5 Nh6 13. h3 Bh5 14. f4 Nd4
15. Nxe7 Rxc4 16. Nd5 Be2 17. Rf2 f6 18. Ne6 Nxe6 19. Rxe2 Nf7 $11 20. b3 Rd4
21. Bb2 Rd3 22. f5 Nd4 23. Bxd4 exd4 24. Nf4 Rc3 25. Rd1 d3 26. Rxd3 Rxd3 27.
Nxd3 O-O 28. Nc5 Nd6 29. Rd2 Rd8 30. Ne6 Rd7 31. Rd4 Kf7 32. Kf2 g5 33. Nxg5+
fxg5 34. e5 Ke7 35. Rxd6 Rxd6 36. exd6+ Kxd6 37. g4 Ke5 38. Ke3 Kd5 39. Kd3 b6
40. a4 Ke5 41. Kc4 1-0

[Event "SR 3. liga A2 2005/2006"]
[Site "?"]
[Date "2006.??.??"]
[Round "?"]
[White "Slamena, Michal"]
[Black "Palka, M."]
[Result "0-1"]
[WhiteElo "2060"]
[BlackElo "2025"]
[Annotator " 57.2"]
[PlyCount "28"]
[EventDate "2005.??.??"]

1. e4 c5 2. Nf3 d6 3. Bc4 Nf6 4. Nc3 Nc6 5. d4 cxd4 6. Nxd4 g6 7. Be3 Bg7 8. f3
O-O 9. Qd2 Bd7 10. h4 Ne5 11. Bb3 Qa5 12. Kf2 h5 13. Nde2 Rfc8 14. Bh6 Bxh6 0-1

[Event "SR 3. liga A2 2005/2006"]
[Site "?"]
[Date "2006.??.??"]
[Round "?"]
[White "Skapikova, Lubica"]
[Black "Peska, Juraj"]
[Result "1-0"]
[WhiteElo "2030"]
[BlackElo "2020"]
[Annotator " 57.3"]
[PlyCount "139"]
[EventDate "2005.??.??"]

1. e4 c5 2. Nf3 Nc6 3. d4 cxd4 4. Nxd4 Nf6 5. Nc3 g6 6. Be3 Bg7 7. Qd2 d6 8. f3
Bd7 9. O-O-O a6 10. g4 b5 11. h4 Rb8 12. h5 b4 13. Nd5 Nxd5 14. Nxc6 Bxc6 15.
exd5 Bb5 16. h6 Bf8 17. Qd4 Rg8 18. f4 Qd7 19. Bh3 Be2 20. g5 Qb5 21. Bf1 Bxf1
22. Rhxf1 Rc8 23. b3 a5 24. Rfe1 a4 25. Qa7 axb3 26. axb3 Qd7 27. Qb6 Qc7 28.
Qb5+ Qd7 29. Qxb4 e6 30. Bd4 Be7 31. Bf6 Bxf6 32. gxf6 Rd8 33. dxe6 fxe6 34.
Rxe6+ Qxe6 35. Re1 Kf7 36. Rxe6 Kxe6 37. f7 Kxf7 38. Qb7+ Ke6 39. Qxh7 Rh8 40.
Qg7 Kf5 41. Qf7+ Ke4 42. h7 d5 43. Kd2 Rhf8 44. Qxg6+ Kxf4 45. Kd3 Ke5 46. Qg7+
Kd6 47. Kd4 Kc6 48. Qa7 Kd6 49. b4 Ke6 50. Qc7 Rh8 51. b5 Kf6 52. b6 Kg6 53. b7
Rhe8 54. Kc5 d4 55. Kb6 Re6+ 56. Ka7 Ree8 57. Qxd8 Rxd8 58. b8=Q Rxb8 59. Kxb8
Kxh7 60. Kc7 Kg6 61. Kd6 Kf6 62. Kd5 Ke7 63. Kxd4 Kd6 64. Kc4 Kc6 65. c3 Kd6
66. Kb5 Kc7 67. Kc5 Kd8 68. Kc6 Kc8 69. c4 Kd8 70. Kb7 1-0

[Event "SR 3. liga A2 2005/2006"]
[Site "?"]
[Date "2006.??.??"]
[Round "?"]
[White "Hertel, Ondrej"]
[Black "Zisek, Jaroslav"]
[Result "1-0"]
[WhiteElo "1960"]
[BlackElo "1940"]
[Annotator " 57.4"]
[PlyCount "49"]
[EventDate "2005.??.??"]

1. d4 Nf6 2. c4 e6 3. Nc3 d5 4. Bg5 Nbd7 5. e3 c6 6. Nf3 Qa5 7. Nd2 Bb4 8. Qc2
O-O 9. Bxf6 Nxf6 10. Bd3 h6 11. a3 Be7 12. Ke2 Bd7 13. Rag1 dxc4 14. Nxc4 Qc7
15. g4 Nd5 16. h4 Rac8 17. g5 h5 18. Ne5 Bd6 19. Nxd5 exd5 20. Nxd7 Qxd7 21.
Bf5 Qe7 22. Bxc8 Rxc8 23. Qf5 Re8 24. g6 f6 25. Qxh5 1-0

[Event "SR 3. liga A2 2005/2006"]
[Site "?"]
[Date "2006.??.??"]
[Round "?"]
[White "Sebesta, Radovan"]
[Black "Kollarik, Gorazd"]
[Result "0-1"]
[WhiteElo "1845"]
[BlackElo "1980"]
[Annotator " 57.5"]
[PlyCount "104"]
[EventDate "2005.??.??"]

1. e4 d5 2. exd5 Qxd5 3. Nc3 Qa5 4. d4 c6 5. Nf3 Bf5 6. Bc4 Nf6 7. O-O e6 8.
Re1 Be7 9. Bd2 Qc7 10. Bb3 Nbd7 11. Qe2 O-O 12. h3 Rad8 13. Nh4 Bg6 14. Nxg6
hxg6 15. Bg5 Nb6 16. Rad1 Nbd5 17. Nxd5 Nxd5 18. Bxe7 Qxe7 19. Qf3 Qf6 20. Bxd5
Rxd5 21. Qxf6 gxf6 22. Rd3 Rfd8 23. Red1 e5 24. dxe5 fxe5 25. Rxd5 Rxd5 26.
Rxd5 cxd5 27. Kf1 f5 28. Ke2 Kf7 29. Kd3 Ke6 30. c4 $11 e4+ 31. Kd4 dxc4 32.
Kxc4 Ke5 33. g3 e3 34. Kd3 exf2 35. Ke2 f1=Q+ 36. Kxf1 Ke4 37. Ke2 f4 38. gxf4
Kxf4 39. Kf2 b5 40. a3 a5 41. b3 Ke4 42. Ke2 Kd4 43. Kd2 b4 44. axb4 axb4 45.
h4 Ke4 46. Ke2 Kf4 47. Kd3 Kg4 48. Kc4 Kxh4 49. Kxb4 g5 50. Kc4 g4 51. Kd3 g3
52. Ke2 Kh3 0-1

[Event "SR 3. liga A2 2005/2006"]
[Site "?"]
[Date "2006.??.??"]
[Round "?"]
[White "Barca, Michal"]
[Black "Havlicek, Peter"]
[Result "1-0"]
[WhiteElo "1845"]
[BlackElo "1705"]
[Annotator " 57.6"]
[PlyCount "127"]
[EventDate "2005.??.??"]

1. c4 e5 2. Nc3 Nf6 3. g3 c6 4. Bg2 Bc5 5. Nf3 d6 6. O-O O-O 7. d3 Nbd7 8. Rb1
a5 9. a3 Re8 10. e3 Nf8 11. d4 exd4 12. exd4 Bb6 13. Qb3 Bf5 14. Ra1 Rb8 15.
Bg5 Bc7 16. Rfe1 Rxe1+ 17. Rxe1 h6 18. Be3 Qd7 19. d5 c5 20. Qa4 Qxa4 21. Nxa4
b5 22. cxb5 Rxb5 23. Nh4 Bc2 24. Nc3 Rb3 25. Bc1 N8d7 26. Nf3 Kf8 27. Nd2 Rb8
28. Nc4 Bd3 29. Bf1 Bxc4 30. Bxc4 Ne5 31. Be2 c4 32. f4 Nd3 33. Bxd3 cxd3 34.
Rd1 Bb6+ 35. Kg2 Re8 36. Kf3 Nd7 37. Rxd3 Nc5 38. Re3 Rc8 39. Re2 Nb3 40. Be3
Nd4+ 41. Bxd4 Bxd4 42. Rc2 f5 43. Rd2 Bxc3 44. Rc2 Rc5 45. Rxc3 Rxd5 46. Ke3
Kf7 47. Rd3 Ke6 48. Rxd5 Kxd5 49. Kd3 Kc5 50. b4+ axb4 51. axb4+ Kd5 52. Kc3 g5
53. Kd3 g4 54. Kc3 Ke4 55. b5 Kd5 56. b6 Kc6 57. Kd4 Kxb6 58. Kd5 Kc7 59. Ke6
Kc6 60. Kxf5 h5 61. Ke6 d5 62. Ke5 Kc5 63. f5 d4 64. f6 1-0

[Event "SR 3. liga A2 2005/2006"]
[Site "?"]
[Date "2006.??.??"]
[Round "?"]
[White "Beran, Jan"]
[Black "Slamka, Michal"]
[Result "1/2-1/2"]
[WhiteElo "1695"]
[BlackElo "1630"]
[Annotator " 57.7"]
[PlyCount "75"]
[EventDate "2005.??.??"]

1. d4 e6 2. c4 Nf6 3. Nc3 Bb4 4. Bd2 c5 5. e3 Nc6 6. Nf3 b6 7. Bd3 d5 8. cxd5
Nxd5 9. Nxd5 Bxd2+ 10. Qxd2 Qxd5 11. dxc5 bxc5 12. Bb5 Bd7 13. Qxd5 exd5 14.
O-O Rb8 15. Bxc6 Bxc6 16. b3 O-O 17. Rfc1 Rb5 18. Rc3 Bd7 19. Rac1 Rc8 20. h3
h6 21. Ne5 Be6 22. Nd3 c4 23. Nf4 Ra5 24. bxc4 Rxc4 25. Rxc4 dxc4 26. Nxe6 fxe6
27. Rxc4 Rxa2 28. g4 a5 29. Rc6 Kf7 30. Kg2 Kf6 31. h4 g6 32. Kg3 Ra4 33. Ra6
h5 34. gxh5 gxh5 35. Ra8 Kg7 36. Ra7+ Kg6 37. Ra6 Kf6 38. Ra8 1/2-1/2

[Event "SR 3. liga A2 2005/2006"]
[Site "?"]
[Date "2006.??.??"]
[Round "?"]
[White "Racik, Marek"]
[Black "Palka, Martin"]
[Result "1/2-1/2"]
[WhiteElo "1795"]
[BlackElo "1655"]
[Annotator " 57.8"]
[PlyCount "96"]
[EventDate "2005.??.??"]

1. Nf3 Nf6 2. g3 c5 3. c4 Nc6 4. Bg2 g6 5. O-O Bg7 6. d3 O-O 7. Nc3 d6 8. Bd2
h6 9. Rb1 e5 10. e4 Ne8 11. Nd5 f5 12. Nh4 Kh7 13. exf5 gxf5 14. Qh5 f4 15.
Be4+ Kg8 16. Qg6 Nf6 17. Nxf6+ Rxf6 18. Bd5+ Kf8 19. Qe4 Qe8 20. gxf4 Qh5 21.
fxe5 Nxe5 22. f3 Ng6 23. Ng2 Bf5 24. Qe2 Re8 25. Qf2 Bxd3 26. Rfe1 Ne5 27. Rxe5
dxe5 28. Qxc5+ Re7 29. Bb4 Qe8 30. Re1 Rb6 31. Qxe7+ Qxe7 32. Bxe7+ Kxe7 33. b3
Kf6 34. f4 exf4 35. Nxf4 Bg6 36. Nxg6 Kxg6 37. Re7 Bd4+ 38. Kg2 Kf5 39. Rxb7
Rxb7 40. Bxb7 a5 41. Kf3 Ke5 42. Kg4 Kd6 43. a3 Kc5 44. Ba6 Bb2 45. Kh5 Bc1 46.
Kg6 Bd2 47. Kf5 Bc1 48. a4 Bb2 1/2-1/2

[Event "SR 3. liga A2 2005/2006"]
[Site "?"]
[Date "2006.??.??"]
[Round "?"]
[White "Hanzluvka, Peter"]
[Black "Sarmir, Milos"]
[Result "0-1"]
[WhiteElo "2050"]
[BlackElo "2150"]
[Annotator " 58.1"]
[PlyCount "84"]
[EventDate "2005.??.??"]

1. e4 e5 2. Nf3 Nc6 3. Bb5 a6 4. Ba4 Nf6 5. O-O Be7 6. Re1 b5 7. Bb3 d6 8. h3
O-O 9. c3 Na5 10. Bc2 c5 11. d4 Qc7 12. d5 Nc4 13. b3 Nb6 14. Nbd2 c4 15. bxc4
Nxc4 16. Bd3 Nb6 17. Qb3 Na4 18. Ba3 Nd7 19. c4 Ndc5 20. Qc2 Bd7 21. Rec1 Qb7
22. cxb5 axb5 23. Bb4 f5 24. Nb3 Nxd3 25. Qxd3 fxe4 26. Qxe4 Rf4 27. Qe1 Bxh3
28. Nxe5 dxe5 29. Bxe7 Qxe7 30. gxh3 Qg5+ 31. Kh2 Raf8 32. Rc2 Qf5 33. Re2 Rf3
34. Qf1 Nc3 35. Rae1 Nxd5 36. Nd2 Rxf2+ 37. Rxf2 Qxf2+ 38. Qg2 Qxe1 39. Qxd5+
Kh8 40. Ne4 Qe2+ 41. Kg3 Rf3+ 42. Kh4 g5+ 0-1

[Event "SR 3. liga A2 2005/2006"]
[Site "?"]
[Date "2006.??.??"]
[Round "?"]
[White "Cechovic, Stefan"]
[Black "Diviak, R."]
[Result "1-0"]
[WhiteElo "2165"]
[BlackElo "1935"]
[Annotator " 58.2"]
[PlyCount "65"]
[EventDate "2005.??.??"]

1. e4 c5 2. f4 d6 3. Nf3 Nf6 4. d3 g6 5. g3 Bg7 6. Bg2 O-O 7. O-O Nc6 8. c3 Qc7
9. Nbd2 Rb8 10. Re1 b5 $11 11. h3 e5 12. Nf1 Be6 13. Nh4 b4 14. f5 bxc3 15.
bxc3 Bd7 16. g4 Qa5 17. Qd2 c4 18. g5 Nh5 19. dxc4 Qc5+ 20. Ne3 Na5 21. Bf1 Bc6
22. Kh2 Bxe4 23. f6 Bh8 24. Ng4 Bxf6 25. Nxf6+ Nxf6 26. gxf6 Bc6 27. Nf5 Kh8
28. Ne7 Ba8 29. Qe3 Qc7 30. Qh6 Rg8 31. Nxg8 Rxg8 32. Qg5 Qc6 33. Bg2 1-0

[Event "SR 3. liga A2 2005/2006"]
[Site "?"]
[Date "2006.??.??"]
[Round "?"]
[White "Pericka, Tomas"]
[Black "Vlkovic, Pavol"]
[Result "1/2-1/2"]
[WhiteElo "1945"]
[BlackElo "1885"]
[Annotator " 58.3"]
[PlyCount "59"]
[EventDate "2005.??.??"]

1. e4 e6 2. d4 d5 3. Nc3 Nf6 4. e5 Nfd7 5. Nf3 c5 6. Bd3 Nc6 7. dxc5 Nxc5 8.
O-O Be7 9. Re1 a6 10. a3 b5 11. Ne2 Bb7 12. Ned4 Nxd4 13. Nxd4 Rc8 14. Be3 Nxd3
15. cxd3 O-O 16. Qg4 g6 17. Bh6 Re8 18. Re3 Bf8 19. Bg5 Qc7 20. Rh3 h5 21. Qf4
Bg7 22. Nf3 d4 23. g4 Bxf3 24. Qxf3 Qxe5 25. Bf4 hxg4 26. Qxg4 Qf5 27. Qh4 Qh5
28. Qg3 Qf5 29. Qh4 Qh5 30. Qg3 $11 1/2-1/2

[Event "SR 3. liga A2 2005/2006"]
[Site "?"]
[Date "2006.??.??"]
[Round "?"]
[White "Hrusovsky, Jan"]
[Black "Pagerka, Martin"]
[Result "1/2-1/2"]
[WhiteElo "1730"]
[BlackElo "1845"]
[Annotator " 58.4"]
[PlyCount "87"]
[EventDate "2005.??.??"]

1. e4 c5 2. Nf3 Nc6 3. d4 cxd4 4. Nxd4 g6 5. Nxc6 bxc6 6. Qd4 Nf6 7. e5 Nd5 8.
e6 f6 9. exd7+ Bxd7 10. Bc4 e5 11. Qd2 Be6 12. O-O Bg7 13. Nc3 O-O 14. Rd1 Nc7
15. Qxd8 Rfxd8 16. Rxd8+ Rxd8 17. Bxe6+ Nxe6 18. Be3 Nd4 19. Rd1 f5 20. Kf1 Rb8
21. Bxd4 exd4 22. Na4 Rb5 23. b3 Ra5 24. Ke2 Kf7 25. Kd3 Ke7 26. Re1+ Re5 27.
Rxe5+ Bxe5 28. h3 Kd6 29. Kc4 g5 30. g4 fxg4 31. hxg4 Bg7 32. Kd3 Kd5 33. f3 c5
34. Nb2 Be5 35. Nc4 Bf4 36. a4 h6 37. Nb2 Bc1 38. Nd1 Bf4 39. Nf2 Bg3 40. Ne4
Be5 41. a5 Bc7 42. a6 Be5 43. Nd2 Bf4 44. Ne4 1/2-1/2

[Event "SR 3. liga A2 2005/2006"]
[Site "?"]
[Date "2006.??.??"]
[Round "?"]
[White "Karlik, L."]
[Black "Liptak, Tomas"]
[Result "0-1"]
[WhiteElo "1850"]
[BlackElo "1625"]
[Annotator " 58.5"]
[PlyCount "88"]
[EventDate "2005.??.??"]

1. d4 Nf6 2. c4 g6 3. Nc3 Bg7 4. e4 O-O 5. Be3 d6 6. f3 e5 7. d5 Nbd7 8. Qd2
Nh5 9. Nge2 f5 10. h4 f4 11. Bf2 Bf6 12. O-O-O a6 13. Kb1 Qe7 14. Qe1 h6 15.
Nc1 b6 16. Nd3 Nc5 17. b4 Nxd3 18. Bxd3 a5 19. b5 Bd7 20. Ne2 Kh7 21. Qg1 Rg8
22. g3 fxg3 23. Bxg3 Raf8 24. Rf1 Nxg3 25. Qxg3 g5 26. hxg5 Bxg5 27. Qf2 Bf4
28. Rh5 Qf6 29. Rfh1 Rg6 30. Nxf4 Qxf4 31. R1h4 $11 Bg4 32. Be2 Qd2 33. Rh2
Bxh5 34. Qh4 Qg5 35. Qxh5 Qxh5 36. Rxh5 Rg1+ 37. Kc2 Rg2 38. Kd3 Rfg8 39. Rf5
R8g7 40. a4 Kg6 41. Ke3 Rf7 42. f4 Rxf5 43. exf5+ Kxf5 44. Bd3+ Kf6 0-1

[Event "SR 3. liga A2 2005/2006"]
[Site "?"]
[Date "2006.??.??"]
[Round "?"]
[White "Skapik, Branislav"]
[Black "Cisar, Marian"]
[Result "1/2-1/2"]
[WhiteElo "1795"]
[BlackElo "1655"]
[Annotator " 58.7"]
[PlyCount "85"]
[EventDate "2005.??.??"]

1. e4 e5 2. Nc3 Bc5 3. Nf3 Nc6 4. Na4 Qe7 5. Nxc5 Qxc5 6. d3 d6 7. Be2 Be6 8.
a3 Nf6 9. b4 Qb6 10. Be3 Nd4 11. c4 Ng4 12. Nxd4 Nxe3 13. fxe3 exd4 14. Rc1
dxe3 15. d4 c5 16. d5 Bd7 17. Qb3 cxb4 18. Qxb4 Qxb4+ 19. axb4 a5 20. b5 a4 21.
Ra1 a3 22. Rf1 Ke7 23. Rf3 Ra4 24. Rxe3 Rha8 25. Rc3 f5 26. exf5 Bxf5 27. g4
Bg6 28. h4 a2 29. Kd2 Rb4 30. Bd3 Bxd3 31. Rxd3 Rb1 32. Re3+ Kd7 33. Re1 Rxe1
34. Kxe1 Ra4 35. b6 Rxc4 36. Rxa2 Rb4 37. Rf2 Re4+ 38. Kf1 Rxg4 39. Rf7+ Kc8
40. Rc7+ Kb8 41. Rd7 Kc8 42. Rc7+ Kb8 43. Kf2 1/2-1/2

[Event "SR 3. liga A2 2005/2006"]
[Site "?"]
[Date "2006.??.??"]
[Round "?"]
[White "Ivan, Imrich ml"]
[Black "Furjel, Andrej"]
[Result "1-0"]
[WhiteElo "2015"]
[BlackElo "2015"]
[Annotator " 60.1"]
[PlyCount "79"]
[EventDate "2005.??.??"]

1. c4 Nf6 2. Nf3 g6 3. b3 Bg7 4. Bb2 O-O 5. g3 e6 6. Bg2 d5 7. O-O Nbd7 8. d3
Re8 9. Re1 e5 10. e4 d4 11. Bc1 h6 12. b4 b6 13. a4 a6 14. Na3 Bb7 15. Bd2 Rc8
16. Bh3 c5 17. Rb1 Rb8 18. Nh4 Bf8 19. Nc2 cxb4 20. Nxb4 Nc5 21. Bc1 a5 22. Nd5
Bc6 23. Ra1 Rb7 24. Ng2 Nxd5 25. cxd5 Bd7 26. Bxd7 Qxd7 27. f4 f6 28. Rf1 b5
29. Nh4 Kh7 30. axb5 Rxb5 31. fxe5 fxe5 32. Ra2 Bg7 33. Raf2 Re7 34. Ba3 Qe8
35. Bxc5 Rxc5 36. Qg4 Rc3 37. d6 Rb7 38. d7 Rxd7 39. Nxg6 a4 40. Nf8+ 1-0